| 000 | 01519nam a2200493 i 4500 | ||
|---|---|---|---|
| 001 | 1456 | ||
| 003 | KOSZ 005 | ||
| 005 | 20200417134402.0 | ||
| 008 | 980916s1979 pl a |000 0 pol d | ||
| 015 | _aUWD 1979/9072 | ||
| 020 | _a830100052X | ||
| 035 | _a991005516389705066 | ||
| 035 | _a(PL-WaBN)b11441914-48omnis_nlop | ||
| 035 | _ab11441914 | ||
| 035 | _a(OCoLC)749590682 | ||
| 035 | _a(PL)b0000001144191 | ||
| 035 | _a(EXLNZ-48OMNIS_NETWORK)9910338524605606 | ||
| 040 |
_aWA N _cWA N _dKOSZ 005/AR |
||
| 041 | _apol | ||
| 044 | _apl | ||
| 080 | _a 159.9 | ||
| 080 | _a(084.1) | ||
| 080 | _a(03) | ||
| 100 | 1 |
_aSzewczuk, Włodzimierz _d(1913-2002) _eAutor |
|
| 245 | 1 | 0 |
_aAtlas psychologiczny / _cWłodzimierz Szewczuk. |
| 250 | _aWydanie 2. | ||
| 260 |
_aWarszawa : _bPaństwowe Wydawnictwo Naukowe, _c1979 |
||
| 300 |
_a366, [2] strony : _bilustracje ; _c23 cm. |
||
| 336 |
_aTekst _btxt _2rdacontent |
||
| 337 |
_aBez urządzenia pośredniczącego _bn _2rdamedia |
||
| 338 |
_aWolumin _bnc _2rdacarrier |
||
| 380 | _aKsiążki | ||
| 388 | _a1901-2000 | ||
| 388 | _a1945-1989 | ||
| 504 | _aBibliografia na stronach 357-358. | ||
| 650 | 7 |
_aPsychologia _2DBN |
|
| 655 | 7 |
_aEncyklopedia _2DBN |
|
| 655 | 7 | _aAlbum | |
| 658 | _aPsychologia | ||
| 710 |
_4pbl _aPaństwowe Wydawnictwo Naukowe |
||
| 856 |
_uhttp://koha.tu.koszalin.pl/cgi-bin/koha/opac-detail.pl?biblionumber=1456 _yKatalog online BPK |
||
| 942 |
_2UKD _cKS |
||
| 999 |
_c1456 _d1456 |
||